000 00706nam a22002175i 4500
001 177209
003 ES-MaACL
005 20230906220258.0
008 110308s1949 sp o |||| | spa d
080 _a726.71(460.235 Montserrat)
100 1 _aVerrié, Francisco P.
_9145497
245 1 0 _aMontserrat /
_cpor F. P. Verrié.
260 _aMadrid :
_bPlus-Ultra,
_cimp. 1949.
300 _a157 p. :
_bfot. bl. y n. ;
_c22 cm.
490 1 _aLos monumentos cardinales de España ;
_v9
504 _aBibliografía: p. 157.
610 2 4 _aAbadía de Montserrat.
_91133
830 0 _aLos monumentos cardinales de España ;
_v9
_9190368
852 _aES-MaACL
_jE-14622
_xOlim P-1021
999 _c177209
_d177209